书目信息 |
| 题名: |
电动力学题解
|
|
| 作者: | 林璇英 , 张之翔 编著 | |
| 分册: | ||
| 出版信息: | 北京 科学出版社 1999.8 |
|
| 页数: | 543页 | |
| 开本: | 21cm | |
| 丛书名: | ||
| 单 册: | ||
| 中图分类: | O442-44 | |
| 科图分类: | ||
| 主题词: | 电动力学--习题 , 电动力学--问答 | |
| 电子资源: | ||
| ISBN: | 7-03-007129-8 | |
| 000 | 00613nam0 2200217 45 | |
| 001 | 0006271479 | |
| 005 | 20041221090451.1 | |
| 010 | @a7-03-007129-8@dCNY28.00 | |
| 100 | @a20000627d1999 km y0chiy0120 ea | |
| 101 | 0 | @achi |
| 105 | @a z 000yy | |
| 200 | 1 | @a电动力学题解@ADian Dong Li Xue Ti Jie@f林璇英,张之翔编著@FLin Xuan Ying,Zhang Zhi Xiang Bian Zhu |
| 210 | @a北京@c科学出版社@d1999.8 | |
| 215 | @a543页@d21cm | |
| 606 | 0 | @a电动力学@x习题 |
| 606 | 0 | @a电动力学@x问答 |
| 690 | @aO442-44@v1 | |
| 701 | 0 | @a林璇英@4编著 |
| 701 | 0 | @a张之翔@4编著 |
| 801 | @aCN@bTSTC@c20000705 | |
| 905 | @dO442-44@e14 | |
| 电动力学题解/林璇英,张之翔编著.-北京:科学出版社,1999.8 |
| 543页;21cm |
| ISBN 7-03-007129-8:CNY28.00 |
| ● |
| 相关链接 |
|
|
|
|
正题名:电动力学题解
索取号:O442-44/14
 
预约/预借
| 序号 | 登录号 | 条形码 | 馆藏地/架位号 | 状态 | 备注 |
| 1 | 0289418 | 002894185 | 第三借阅区/ [索取号:O442-44/14] | 在馆 | |
| 2 | 0289419 | 002894194 | 第三借阅区/ [索取号:O442-44/14] | 在馆 | |
| 3 | 0289421 | 002894210 | 第三借阅区/ [索取号:O442-44/14] | 在馆 | |
| 4 | 0289422 | 002894229 | 第三借阅区/ [索取号:O442-44/14] | 在馆 | |
| 5 | 0289423 | 002894238 | 第三借阅区/ [索取号:O442-44/14] | 在馆 | |
| 6 | 0289424 | 002894247 | 第三借阅区/ [索取号:O442-44/14] | 在馆 | |
| 7 | 0289425 | 002894256 | 第三借阅区/ [索取号:O442-44/14] | 在馆 | |
| 8 | 0289426 | 002894265 | 第三借阅区/ [索取号:O442-44/14] | 在馆 | |
| 9 | 0289427 | 002894274 | 第三借阅区/ [索取号:O442-44/14] | 在馆 | |
| 10 | 0294977 | 002949778 | 第三借阅区/ [索取号:O442-44/14] | 在馆 | |
| 11 | 0294978 | 002949787 | 第三借阅区/ [索取号:O442-44/14] | 在馆 | |
| 12 | 0294979 | 002949796 | 第三借阅区/ [索取号:O442-44/14] | 在馆 | |
| 13 | 0294980 | 002949803 | 第三借阅区/ [索取号:O442-44/14] | 在馆 | |
| 14 | 0294981 | 002949812 | 第三借阅区/ [索取号:O442-44/14] | 在馆 | |
| 15 | 0294982 | 002949821 | 第三借阅区/ [索取号:O442-44/14] | 在馆 | |
| 16 | 0294983 | 002949830 | 第三借阅区/ [索取号:O442-44/14] | 在馆 | |
| 17 | 0294984 | 002949849 | 第三借阅区/ [索取号:O442-44/14] | 在馆 | |
| 18 | 0294985 | 002949858 | 第三借阅区/ [索取号:O442-44/14] | 在馆 | |
| 19 | 0294986 | 002949867 | 第二样本阅览室/ [索取号:O442-44/14] | 在馆 |